000 00827cam a2200253 a 4500
001 000003834
005 20200929150604.0
008 840203s1976 mx 001 1 spa
040 _aDO-SdBNP
_bspa
_cBNPHU
041 1 7 _aspa
_heng
_2Código de idioma MARC
082 _a813.54
_bB928f
100 1 _aBuechner, Frederick,
_d1926-
_911591
240 1 0 _aLove feast.
_lEspañol
245 1 0 _aFiesta de amor :
_bnovela /
_cFrederick Buechner ; traductor, Luis F. Coco.
260 _aMéxico, D. F. :
_bDIMELISA,
_c1976.
300 _a267 p. ;
_c20 cm.
440 0 _aRepertorio nueva ficción ;
_v3
_911606
534 _pTítulo original:
_tLove feast
650 4 _aNovela estadounidense
_9262
650 4 _aLiteratura estadounidense
_9263
700 1 _aCoco, Luis F.,
_etr.
_911592
910 _aCatalogación derivada
910 _aWM
999 _c3656
_d3656